| 000 | 02025cad a22002775a 4500 | ||
|---|---|---|---|
| 001 | L149874 | ||
| 008 | 100511s2010 xxkad f s 000 0 eng d | ||
| 035 | _a(Sirsi) u149874 | ||
| 041 | 0 | _aeng | |
| 050 | 0 | 4 | _a333.33 $2 18 |
| 110 | 2 |
_aRoyal Institution of Chartered Surveyors _bEconomics _95033 |
|
| 245 | 0 | 0 |
_aRICS global commercial property survey _bQ1 2010 _h[electronic resource] |
| 260 |
_aLondon _bRICS _c2010 |
||
| 490 | 0 |
_aRICS Global Commercial Property Survey United Kingdom _vQ1 2010 |
|
| 520 | _aThe Q1 2010 survey provides evidence of continued recovery in global real estate markets with investment transactions up on the previous quarter in almost all markets. The occupier market is improving despite rents still falling in the majority of the survey countries. Latin America and Asia are clear leaders in the real estate cycle from a world regional perspective. Brazil recorded the most positive net balance on rent expectations in the survey and was near the top in terms of capital value expectations with Hong Kong and China registering strongly positive net balance readings for both of these forward looking indicators. | ||
| 520 | _aAlso separate agents? comments on the global survey. | ||
| 520 | _aAlso separate regional commercial property surveys for the Americas; Europe; Hong Kong and China; India; Oceania; and United Arab Emirates. | ||
| 590 | _aKA | ||
| 650 | 2 | 4 | _aRICS GLOBAL COMMERCIAL PROPERTY SURVEY |
| 651 | 4 | _aInternational | |
| 690 | _aPROPERTY-COMMERCIAL PROPERTY-COMMERCIAL PROPERTY MARKET | ||
| 856 | 4 | 0 |
_uhttps://www.rics.org/site/download_feed.aspx?fileID=6511&fileExtension=PDF _zView the survey free of charge at www.rics.org |
| 856 | 4 | 0 |
_uhttps://www.rics.org/site/scripts/download_info.aspx?downloadID=5176 _zView the additional comments to the global survey free of charge at www.rics.org |
| 856 | 4 | 0 |
_uhttps://www.rics.org/site/scripts/download_info.aspx?downloadID=5176 _zView the regional commercial property surveys free of charge at www.rics.org |
| 942 | _n0 | ||
| 999 |
_c110656 _d110656 |
||